00658nam a2200193Ia 4500003000900000008004100009040001600050080001500066100003100081245010900112260003800221300001600259650002600275650001900301700002400320942000700344999001500351952009800366IN-BaIIA211028s9999 xx 000 0 eng d cIIA Library a681.3bBRO aBrooks, P. Frederick94448 0aAutomatic data processingcFrederick B.P. and Kenneth E. Iverson  aNew YorkbJohn Wiley & Sonsc1963 axvii, 494p. aData Processing94335 aNASA Thesaurus aIverson, E.P.94449 cBK c2489d2489 00102ddc4070aBANbKODcGENd1965-07-06l0o681.3/ BROp2776r2021-11-05w1965-07-06yBKG